| 000 | 01447cas a2200361 a 4500 | ||
|---|---|---|---|
| 003 | dpl | ||
| 005 | 20140908102554.0 | ||
| 007 | cr un| | ||
| 008 | 910405c19919999sz qr p 0 0eng c | ||
| 010 |
_a 92640006 _zsn 91022416 |
||
| 035 | _a(OCoLC)ocm23381143 | ||
| 037 | _bIABSE, ETH-Hönggerberg, CH-8093 Zurich, Switzerland | ||
| 040 |
_aMoU _cMoU _dFU _dDLC _dNST _dWaU _dNST _dMCM _dNST _dMiU _dOCoLC _dCU-S _dMCM _dOCoLC _dCaQMM _dOCoLC |
||
| 042 | _apcc | ||
| 050 | 0 | 0 |
_aTA630 _b.S826 |
| 050 | 4 |
_aTG5 _bA849is |
|
| 082 | 0 | 0 |
_a624.105 _220 |
| 245 | 0 | 0 |
_aThe Bridge and Structural engineering : _bjournal of the Indian natioanl group of the International Association for Bridge and Structural Engineering (IABSE). |
| 260 |
_aNew Delhi : _bING-IABSE, _c1970- |
||
| 300 |
_av. : _bill. ; _c30 cm. |
||
| 310 | _aQuarterly | ||
| 362 | 0 | _aVol. 44, no. 1 (March 2014)- | |
| 500 | _aTitle from cover. | ||
| 530 | _aAlso issued online. | ||
| 590 | _aSERBIB/SERLOC merged record | ||
| 650 | 0 |
_aStructural engineering _vPeriodicals. |
|
| 650 | 0 |
_aBridges _xDesign and construction _vPeriodicals. |
|
| 710 | 2 | _aInternational Association for Bridge and Structural Engineering. | |
| 780 | 0 | 0 |
_aInternational Association for Bridge and Structural Engineering. _tIABSE periodica _w(DLC) sn87012717 _w(OCoLC)3572026 |
| 906 |
_a7 _bcbc _cserials _d2 _encip _f19 _gn-oclcserc |
||
| 942 |
_2ddc _cSR _h624.105 _s1 |
||
| 999 |
_c88381 _d88381 |
||